Normal view
MARC view
- WATER, POLLUTION ENVIRONMENTAL ASPECTS CONGRESSES, WATER POLLUTION TOXICOLOGY CONGRESSES
Entry Topical Term
001 - CONTROL NUMBER
- control field: 61927
003 - CONTROL NUMBER IDENTIFIER
- control field: NUST
005 - DATE AND TIME OF LATEST TRANSACTION
- control field: 20210628202838.0
008 - FIXED-LENGTH DATA ELEMENTS
- fixed length control field: 210628|| aca||aabn | a|a d
040 ## - CATALOGING SOURCE
- Original cataloging agency: NUST
- Transcribing agency: NUST
150 ## - HEADING--TOPICAL TERM
- Topical term or geographic name entry element: WATER, POLLUTION ENVIRONMENTAL ASPECTS CONGRESSES, WATER POLLUTION TOXICOLOGY CONGRESSES
670 ## - SOURCE DATA FOUND
- Source citation: Work cat.: (NUST): Bahner, Rita Comotto 61926, Aquatic toxicology and hazard assessment, eighth symposium, 1985
